Statistics for Quiz about Brazil

Click here to take the quiz!

General Stats

  • This quiz has been taken 20 times
  • The average score is 10 of 15

Answer Stats

QuestionAnswer% Correct
What is the biggest rivalry between Brazilians in football?Argentina
94%
What is the official language of Brazil?Portuguese
94%
What's the capital of Brasil?Brasília
89%
Who is the best player in history for Brazilians?Pelé
89%
What is the state with the largest territory?Amazonas
83%
How many regions does Brazil have?5
78%
Who is the current president of Brazil?Jair Messias Bolsonaro
78%
What are the two capitals with the highest GDP in Brazil (Until December 19, 2022)Rio de Janeiro e São Paulo
78%
Who is the president elected to take office in 2023 in Brazil?Lula (Luiz Inácio Lula da Silva)
72%
What is the population of Brazil? (Until December 19, 2022)200 millions
67%
What is the favorite sport of Brazilians (Not counting football)Volleyball
61%
And what are the names of these regions?Norte, nordeste, sul, centro oeste e sudeste
50%
What is the team with the most fans in Brazil?Flamengo (My team)
39%
What is the orange dog called in Brazil?Caramelo
28%
What is the most common dog breed in Brazil?Mutt
22%

Score Distribution

Percentile by Number Answered

Percent of People with Each Score

Your Score History

You have not taken this quiz